Simple Machines Quiz - Statistics

General Stats
  • This quiz has been taken 9,095 times
  • The average score is 4 of 6
Answer Stats
Simple Machine % Correct
Lever
79%
Pulley
76%
Wheel and axle
75%
Inclined plane
47%
Screw
47%
Wedge
39%
No matching quizzes found
Score Distribution
Percent of People with Each Score
Percentile by Number Answered
Your Score History
You have not taken this quiz